000 00315nam a2200133Ia 4500
008 151001s9999||||xx |||||||||||||| ||und||
100 _aव ह पिटके
245 _aशिदोरी
250 _a1
260 _bपुणे प्रकाशन
260 _c1969
300 _a158
365 _b8.5
999 _c954593
_d954590